Tvorba předmětových hesel. STN 01 0188 : Účinnost 1.4.1983
Uložené v:
| Médium: | Kniha |
|---|---|
| Jazyk: | Czech |
| Vydavateľské údaje: |
Praha :
Úřad pro normalizaci a měření,
1985
|
| Predmet: | |
| Tagy: |
Žiadne tagy, Buďte prvý, kto otaguje tento záznam!
|
MARC
| LEADER | 00000nam a22000003a 4500 | ||
|---|---|---|---|
| 001 | stu89728 | ||
| 005 | 20150408175148.4 | ||
| 008 | 040830s1985----cs------------------cze-d | ||
| 040 | |a STU |b slo | ||
| 041 | 0 | |a cze | |
| 044 | |a cs | ||
| 080 | |a 025.323(083.74) |7 stu_us_auth*stu126 | ||
| 245 | |a Tvorba předmětových hesel. STN 01 0188 : |b Účinnost 1.4.1983 | ||
| 260 | |a Praha : |b Úřad pro normalizaci a měření, |c 1985 | ||
| 300 | |a 38 s | ||
| 650 | 7 | |a heslá predmetové |2 stusub | |
| 996 | |b MN311 1 |c M*N-311-1 |l MMKN |s A |a 24 |w stu89728_0001 | ||